Mikä sana tulee väliin? - Statistics

Yleistilastot
  • Tätä visaa on pelattu 112 kertaa
  • Keskiarvotulos 9 / 20
Vastaustilastot
välisana % Oikein
sanoma lehti puhallin
90%
tieto kirja hylly
88%
täyte kakku lapio
79%
lähde vesi putous
78%
jääkiekko maali pensseli
76%
pehmo nalle karhu
63%
hauta kivi aita
51%
ranne kello peli
50%
kalju pää mies
49%
koe paperi lennokki
49%
juhla päivä peitto
47%
saippua kupla muovi
35%
lasi silmä lääkäri
32%
maito suklaa levy
30%
käsi desi mitta
29%
harja katto lamppu
29%
takka huone kasvi
23%
jänis koira puisto
19%
sähkö posti laatikko
17%
sähkö uuni omena
7%
Ehtoja vastaavia visoja ei löytynyt
Tulosjakauma
Jokaisen tuloksen saaneiden osuus
Persentiili vastausten määrän mukaan
Tuloshistoriasi
Et ole pelannut tätä visaa